书目信息 |
| 题名: |
成本会计
|
|
| 作者: | 程明娥 主编 | |
| 分册: | ||
| 出版信息: | 北京 清华大学出版社 2009 |
|
| 页数: | 466页 | |
| 开本: | 26cm | |
| 丛书名: | ||
| 单 册: | ||
| 中图分类: | F234.2 | |
| 科图分类: | ||
| 主题词: | 成本会计--高等学校--教材 , 成本会计 | |
| 电子资源: | ||
| ISBN: | 978-7-302-19983-0 | |
| 000 | 00928nam0 2200277 45 | |
| 001 | 1034505999 | |
| 005 | 20100319081721.76 | |
| 010 | @a978-7-302-19983-0@dCNY39.00 | |
| 100 | @a20100311d2009 em y0chiy50 ea | |
| 101 | 0 | @achi |
| 102 | @aCN@b110000 | |
| 105 | @ay z 000yy | |
| 106 | @ar | |
| 200 | 1 | @a成本会计@ACheng Ben Hui Ji@f程明娥主编@FCheng Ming E Zhu Bian |
| 210 | @a北京@c清华大学出版社@d2009 | |
| 215 | @a466页@d26cm | |
| 300 | @a普通高校经济管理类立体化教材 财会系列 | |
| 312 | @a封面英文题名:Cost accounting | |
| 330 | @a本书介绍了成本核算与成本管理的基本知识,重点介绍了成本核算方法,同时介绍了成本预测、成本决策、成本计划、成本控制、成本分析等成本管理方法。 | |
| 510 | 1 | @aCost accounting@zeng |
| 606 | 0 | @a成本会计@x高等学校@j教材 |
| 606 | 0 | @a成本会计 |
| 690 | @aF234.2@v4 | |
| 701 | 0 | @a程明娥@ACheng Ming E@4主编 |
| 801 | 0 | @aCN@bTANGWEI@c20100319 |
| 905 | @b0585732-34@dF234.2@e346@f3 | |
| 成本会计/程明娥主编.-北京:清华大学出版社,2009 |
| 466页;26cm |
| 普通高校经济管理类立体化教材 财会系列 |
| ISBN 978-7-302-19983-0:CNY39.00 |
| 本书介绍了成本核算与成本管理的基本知识,重点介绍了成本核算方法,同时介绍了成本预测、成本决策、成本计划、成本控制、成本分析等成本管理方法。 |
| ● |
| 相关链接 |
|
|
|
|
正题名:成本会计
索取号:F234.2/346
 
预约/预借
| 序号 | 登录号 | 条形码 | 馆藏地/架位号 | 状态 | 备注 |
| 1 | 0585732 | 205857321 | 第一样本阅览室/ [索取号:F234.2/346] | 在馆 | |
| 2 | 0585733 | 205857330 | 第一借阅区/ [索取号:F234.2/346] | 在馆 | |
| 3 | 0585734 | 205857349 | 密集书库-海洋学院/ [索取号:F234.2/346] | 在馆 |